Tout les Parcs Naturels Régionaux de France - Statistiques

Statistiques générales
  • Ce quiz a été pris 4 fois
  • Le résultat moyen est 9 sur 59
Statistiques - réponses
Réponse % Correct
Parc naturel régional du Vexin français|Vexin
100%
Parc naturel régional de Camargue|Camargue
67%
Parc naturel régional de la Baie de Somme Picardie Maritime|Baie de Somme
67%
Parc naturel régional de la Haute Vallée de Chevreuse|Haute Vallée de Chevreuse|Chevreuse
67%
Parc naturel régional du Gâtinais français|Gâtinais
67%
Parc naturel régional du Morvan|Morvan
67%
Parc naturel régional du Perche|Perche
67%
Parc naturel régional du Vercors|Vercors
67%
Parc naturel régional d'Aubrac|Aubrac
33%
Parc naturel régional de Corse|Corse
33%
Parc naturel régional de Guyane|Guyane
33%
Parc naturel régional de la Martinique|Martinique
33%
Parc naturel régional de Livradois-Forez|Livradois-Forez
33%
Parc naturel régional des Ardennes|Ardennes
33%
Parc naturel régional du Luberon|Luberon
33%
Parc naturel régional du Pilat|Pilat
33%
Parc naturel régional du Queyras|Queyras
33%
Parc naturel régional du Verdon|Verdon
33%
Parc naturel régional d'Armorique |Armorique
0%
Parc naturel régional de Brière|Brière
0%
Parc naturel régional de Chartreuse|Chartreuse
0%
Parc naturel régional de la Brenne|Brenne
0%
Parc naturel régional de la Forêt d'Orient|Forêt d'Orient
0%
Parc naturel régional de la Montagne de Reims|Montagne de Reims
0%
Parc naturel régional de la Narbonnaise en Méditerranée|Narbonnaise
0%
Parc naturel régional de la Sainte-Baume|Sainte-Baume
0%
Parc naturel régional de l'Avesnois|Avesnois
0%
Parc naturel régional de Loire-Anjou-Touraine|Loire-Anjou-Touraine
0%
Parc naturel régional de Lorraine|Lorraine
0%
Parc naturel régional de Millevaches en Limousin|Millevaches
0%
Parc naturel régional des Alpilles | Alpilles
0%
Parc naturel régional des Ballons des Vosges|Ballons des Vosges
0%
Parc naturel régional des Baronnies provençales|Baronnies provençales|Baronnies
0%
Parc naturel régional des Boucles de la Seine Normande|Boucles de la Seine Normande
0%
Parc naturel régional des Caps et Marais d'Opale|Caps et Marais d'Opale
0%
Parc naturel régional des Causses du Quercy|Causses du Quercy
0%
Parc naturel régional des Grands Causses|Grands Causses
0%
Parc naturel régional des Landes de Gascogne|Landes de Gascogne
0%
Parc naturel régional des Monts d'Ardèche|Monts d'Ardèche
0%
Parc naturel régional des Monts de Flandre|Monts de Flandre
0%
Parc naturel régional des Préalpes d'Azur|Préalpes d'Azur
0%
Parc naturel régional des Pyrénées ariégeoises|Pyrénées ariégeoises
0%
Parc naturel régional des Pyrénées catalanes|Pyrénées catalanes
0%
Parc naturel régional des Volcans d'Auvergne|Volcans d'Auvergne
0%
Parc naturel régional des Vosges du Nord|Vosges du Nord
0%
Parc naturel régional d'Oise-Pays de France|Oise-Pays de France
0%
Parc naturel régional du Doubs Horloger|Doubs Horloger
0%
Parc naturel régional du Golfe du Morbihan|Golfe du Morbihan
0%
Parc naturel régional du Haut-Jura|Haut-Jura
0%
Parc naturel régional du Haut-Languedoc|Haut-Languedoc|Languedoc
0%
Parc naturel régional du Marais du Cotentin et du Bessin|Marais du Cotentin et du Bessin
0%
Parc naturel régional du Marais poitevin|Marais poitevin
0%
Parc naturel régional du Massif des Bauges|Massif des Bauges|Bauges
0%
Parc naturel régional du Médoc|Médoc
0%
Parc naturel régional du Mont-Ventoux|Mont Ventoux|Ventoux
0%
Parc naturel régional du Périgord-Limousin|Périgord-Limousin
0%
Parc naturel régional Normandie-Maine|Normandie-Maine
0%
Parc naturel régional Scarpe-Escaut|Scarpe-Escaut
0%
Parc naturel régional Vallée de la Rance|Vallée de la Rance| Rance
0%
Aucun quiz correspondant
Distribution des résultats
% des personnes avec chaque résultat
Percentile par nombre de réponses
Votre historique - résultats
Vous n’avez pas pris ce quiz